Catálogo público

Nutritional Quality of Cereal Grains: Genetic and Agronomic Improvement / (Record no. 172407)

MARC details
000 -CABECERA
campo de control de longitud fija 00803nam a2200253Ia 4500
001 - NÚMERO DE CONTROL
campo de control dia_1869
003 - IDENTIFICADOR DEL NÚMERO DE CONTROL
campo de control CHAP
005 - FECHA Y HORA DE LA ÚLTIMA TRANSACCIÓN
campo de control 20251027153817.0
008 - DATOS DE LONGITUD FIJA--INFORMACIÓN GENERAL
campo de control de longitud fija 220117s1987 xx 000 0 und d
010 ## - NÚMERO DE CONTROL DE LA BIBLIOTECA DEL CONGRESO
Número de control de LC 172407
040 ## - FUENTE DE LA CATALOGACIÓN
Centro/agencia transcriptor CHAP
082 ## - NÚMERO DE LA CLASIFICACIÓN DECIMAL DEWEY
Número de clasificación 633.1 O5
100 ## - ENTRADA PRINCIPAL--NOMBRE DE PERSONA
Nombre de persona Olson, R,A,
9 (RLIN) 151744
245 ## - MENCIÓN DE TÍTULO
Título Nutritional Quality of Cereal Grains: Genetic and Agronomic Improvement /
Mención de responsabilidad, etc. by R.A.Olson and K.J. Frey
260 ## - PUBLICACIÓN, DISTRIBUCIÓN, ETC.
Lugar de publicación, distribución, etc. Madison, Wisconsin, USA :
Nombre del editor, distribuidor, etc. American Society of Agronomy,
Fecha de publicación, distribución, etc. 1987
300 ## - DESCRIPCIÓN FÍSICA
Extensión 511 p.
400 ## - MENCIÓN DE SERIE/PUNTO DE ACCESO ADICIONAL--NOMBRE DE PERSONA [OBSOLETO, CAN/MARC], [LOCAL, USA]
Nombre de persona AGRONOMY, 28
500 ## - NOTA GENERAL
Nota general I.167075
600 ## - PUNTO DE ACCESO ADICIONAL DE MATERIA--NOMBRE DE PERSONA
Nombre de persona 1.Cereales como alimento/ 2.Cereales. I.t. II. American Society of Agronomy
9 (RLIN) 151745
901 ## - ELEMENTOS DE DATOS A LOCAL LDA (RLIN)
a 633.1 O5
902 ## - ELEMENTOS DE DATOS B LOCAL, LDB (RLIN)
a M
905 ## - ELEMENTOS DE DATOS E LOCAL, LDE (RLIN)
a 0000001987 WISX 0000000000ING00
942 ## - ELEMENTOS DE PUNTO DE ACCESO ADICIONAL (KOHA)
Tipo de ítem Koha Libro
Fuente del sistema de clasificación o colocación Dewey Decimal Classification
Holdings
Estado de retiro Estado de pérdida Fuente del sistema de clasificación o colocación Estado dañado Restricciones de uso No para préstamo Código de colección Localización permanente Ubicación/localización actual Fecha de adquisición Fuente de adquisición Información codificada de la localización en otra ubicación Coste, precio normal de compra Número de inventario Total de préstamos Signatura topográfica completa Código de barras Fecha visto por última vez Número de copia Tipo de ítem Koha
    Dewey Decimal Classification   Préstamo interno   General Ingenieria Agroindustrial Ingenieria Agroindustrial 18/01/2022 Compra Librería patena f. 7285 / (19-05-93) 1 144.00 167075   633.1 O5 dia_4122 18/01/2022 1 Libro